Statistics for Famous People Named Michael

Click here to take the quiz!

General Stats

  • This quiz has been taken 36,765 times
    (18,528 since last reset)
  • The average score is 11 of 18

Answer Stats

ClueFamous Michael% Correct
"Thriller" singerMichael Jackson
100%
Sistine Chapel painterMichelangelo
87%
Boxer and ear biterMike Tyson
84%
He wore #23Michael Jordan
81%
Winner of 23 gold medalsMichael Phelps
80%
Portrayer of Marty McFlyMichael J. Fox
71%
"Wall Street" star and son of KirkMichael Douglas
67%
Knighted rocker who can't
get no satisfaction
Mick Jagger
67%
He was Batman (and also Birdman)Michael Keaton
63%
Star who played Dr. EvilMike Myers
58%
Knighted actor who starred as
Alfie, and later as Alfred
Michael Caine
55%
His policies included
Perestroika and Glasnost
Mikhail Gorbachev
55%
7-time Formula One champMichael Schumacher
52%
Mega-rich mayor of
New York City
Michael Bloomberg
49%
Film director who likes explosionsMichael Bay
45%
"Jurassic Park" authorMichael Crichton
41%
He lost to George H.W. Bush in 1988Michael Dukakis
31%
Scientist who made important
discoveries about electromagnetism
Michael Faraday
27%

Score Distribution

Percentile by Number Answered

Percent of People with Each Score

Your Score History

You have not taken this quiz since the last reset